<?xml version="1.0" encoding="UTF-8"?>
<marc:record xmlns:marc="http://www.loc.gov/MARC21/slim">
   <marc:leader>00000nam a2200000 a 4500</marc:leader>
   <marc:datafield ind1="1" ind2=" " tag="100">
      <marc:subfield code="a">Dahl, Roald</marc:subfield>
      <marc:subfield code="4">aut</marc:subfield>
      <marc:subfield code="e">Verfasser/-in</marc:subfield>
   </marc:datafield>
   <marc:datafield ind1="1" ind2=" " tag="100">
      <marc:subfield code="a">Burton, Tim</marc:subfield>
      <marc:subfield code="4">ctb</marc:subfield>
      <marc:subfield code="e">Mitwirkende/-r</marc:subfield>
   </marc:datafield>
   <marc:datafield ind1="1" ind2=" " tag="100">
      <marc:subfield code="a">Depp, Johnny</marc:subfield>
      <marc:subfield code="4">ctb</marc:subfield>
      <marc:subfield code="e">Mitwirkende/-r</marc:subfield>
   </marc:datafield>
   <marc:datafield ind1="1" ind2=" " tag="100">
      <marc:subfield code="a">Highmore, Freddie</marc:subfield>
      <marc:subfield code="4">ctb</marc:subfield>
      <marc:subfield code="e">Mitwirkende/-r</marc:subfield>
   </marc:datafield>
   <marc:datafield ind1="1" ind2=" " tag="100">
      <marc:subfield code="a">Kelly, David</marc:subfield>
      <marc:subfield code="4">ctb</marc:subfield>
      <marc:subfield code="e">Mitwirkende/-r</marc:subfield>
   </marc:datafield>
   <marc:datafield ind1="1" ind2=" " tag="100">
      <marc:subfield code="a">Bonham Carter, Helena</marc:subfield>
      <marc:subfield code="4">ctb</marc:subfield>
      <marc:subfield code="e">Mitwirkende/-r</marc:subfield>
   </marc:datafield>
   <marc:datafield ind1="1" ind2=" " tag="100">
      <marc:subfield code="a">Taylor, Noah</marc:subfield>
      <marc:subfield code="4">ctb</marc:subfield>
      <marc:subfield code="e">Mitwirkende/-r</marc:subfield>
   </marc:datafield>
   <marc:datafield ind1="0" ind2="0" tag="245">
      <marc:subfield code="a">Charlie und die Schokoladenfabrik</marc:subfield>
   </marc:datafield>
   <marc:datafield ind1="0" ind2="0" tag="245">
      <marc:subfield code="c">Roald Dahl ; Regie von Tim Burton ; Sprecher: Johnny Depp ; Sprecher: Freddie Highmore ; Sprecher: David Kelly ; Sprecher: Helena Bonham Carter ; Sprecher: Noah Taylor</marc:subfield>
   </marc:datafield>
   <marc:datafield ind1=" " ind2="1" tag="264">
      <marc:subfield code="a">Hamburg</marc:subfield>
      <marc:subfield code="b">Oetinger Media GmbH</marc:subfield>
      <marc:subfield code="c">2008</marc:subfield>
   </marc:datafield>
   <marc:datafield ind1="1" ind2=" " tag="520">
      <marc:subfield code="a">Angaben aus der Verlagsmeldung

Charlie und die Schokoladenfabrik / von Roald Dahl

Auf ins Schlaraffenland! Tim Burtons Meisterwerk – mit vielen Extras Der kleine Charlie, der mit seinen Eltern in bitterarmen Verhältnissen lebt, kann sein Glück kaum fassen: Er gehört zu den fünf Kindern, die einen Besuch in der sagenumwobenen Schokoladenfabrik von Willy Wonka gewonnen haben. Doch der Besuch im Schlaraffenland birgt Überraschungen – und nicht jeder Besucher verlässt die Fabrik in dem Zustand, in dem er sie betreten hat … Der vielfach ausgezeichnete Film wurde u.a. für den Oscar und den Grammy nominiert und bezaubert mit einem unwiderstehlichen Johnny Depp als Willy Wonka. Ausführliches Booklet, deutsche und englische Tonspur, Hörfilmfassung und umfangreiches Bonusmaterial: Making of, Umpa-Lumpa-Tanz, Autorenporträt. „Die zarteste Versuchung, seit es Hollywood gibt!“ (Popcorn) „Lieber auf Schokolade verzichten als auf diesen Film!“ (TV Spielfilm)
</marc:subfield>
   </marc:datafield>
   <marc:datafield ind1=" " ind2=" " tag="020">
      <marc:subfield code="a">9783837350364</marc:subfield>
      <marc:subfield code="9">9783837350364</marc:subfield>
   </marc:datafield>
   <marc:datafield ind1=" " ind2=" " tag="041">
      <marc:subfield code="a">ger</marc:subfield>
   </marc:datafield>
</marc:record>
